000 01326nam a22004097a 4500
003 OSt
005 20230629071903.0
008 221006b |||||||| |||| 00| 0 eng d
040 _cBiblioteca Lado V
082 _a306.4
_bG643n
100 _9860
_aGonzález Uribe, Guillermo
_edirector
245 _aNúmero/
_b16/
260 _aColombia
_bZona LTDA
_c1997
300 _c23x20.5cm
_a96p.
366 _espa
490 _a16
_v1997
505 _aCORREO Y BANDERA
505 _aCARNICERIA CON SIESTA
505 _aLA RUTA DE LOS MAYAS
505 _aUN HUAPITI PARA FERNANDO VALLEJO
505 _aLOS ROSTROS OCULTOS
505 _aEL BÁRBARO, EL COSMOPOLITA Y EL NÓMADE
505 _aPOEMAS
505 _aLO QUE SE DA NO SE PIERDE
505 _aENSAMBLE DEL BAMBUCO Y LA MÚSICA DEL MUNDO
505 _aLAS NANAS
505 _aEL ARCA DE ATANASIUS KIRCHER
505 _aLOS HILOS DEL VIENTO
505 _aCINCO PIEZAS EN FORMA DE SATIE
505 _aDEL CENTRO A LA PERIFERIA
505 _aRESEÑAS
650 _2Tesauro de Arte & Arquitectura
_aCULTURA
_9703
650 _2Tesauro de Arte & Arquitectura
_aCRITICA
_9702
650 _2Tesauro de Arte & Arquitectura
_aANALISIS
_9702
651 _2Tesauro de Arte & Arquitectura
_aCOLOMBIA
942 _2ddc
_c1
_h306.4
_iG643n
_n0
999 _c3958
_d3958